00582 2200193 4500001002100000005001500021035002000036007000300056008003900059082000800098084001400106100001500120245011700135260006000252300004200312650001100354650001000365022001300375INLIS00000000000086820240819094040 a0010-0824000233ta240819 | | |  a635 a635 XUE v0 aXueweiWang1 aVegetable disease detection using an improved YOLOv8 algorithm in the greenhouse plant environment /cXueweiWang aUnited States, London :bNature Publishing Group,c2024 a1-19 hlm, :bilus, ;c21 cm X 29,5 cm 4aJurnal 4aSayur a20452322